Underground mining methods: engineering fundamentals and international case studies
Uloženo v:
| Hlavní autoři: | , |
|---|---|
| Médium: | Kniha |
| Jazyk: | angličtina |
| Vydáno: |
Littleton
Society for Mining, Metallurgy, and Exploration, Inc
2001
|
| Témata: | |
| Tagy: |
Přidat tag
Žádné tagy, Buďte první, kdo vytvoří štítek k tomuto záznamu!
|
MARC
| LEADER | 00000cam a2200000 a 4500 | ||
|---|---|---|---|
| 001 | UCF5664 | ||
| 003 | CL-VaPUC | ||
| 008 | 130322e20010000US |||||||||||||||||eng|d | ||
| 020 | |a 9780873351935 | ||
| 082 | 0 | 4 | |a 622.2 |b HUS |2 21 |
| 100 | |a Hustrulid, William A |e author |9 578311 | ||
| 700 | 0 | |a Bullock, Richard L |e author |9 567633 | |
| 245 | 1 | 0 | |a Underground mining methods: engineering fundamentals and international case studies |
| 300 | |a 718 p | ||
| 942 | |c BK | ||
| 945 | |d 20130322 00:00:00 |a cmena | ||
| 260 | |a Littleton |b Society for Mining, Metallurgy, and Exploration, Inc |c 2001 | ||
| 650 | 0 | |a Ingeniería de minas |9 567634 | |
| 650 | 7 | |a MINERIA SUBTERRANEA |2 CL-VaPUC |9 567635 | |
| 650 | 0 | |a Planificación estratégica |9 259735 | |
| 583 | |a last modification |c 20130322 12:27:00 |k Rodrigo Vera | ||
| 999 | |c 351122 |d 351120 | ||
| 952 | |0 0 |1 0 |4 0 |6 622_200000000000000_HUS_2001 |7 0 |8 A |9 455055 |a BIBING |b BIBING |d 2019-11-22 |i 4954564 |o 622.2 HUS 2001 |p 4954564 |r 2025-01-20 |w 2019-11-22 |y BK |k EIQ | ||
| 952 | |0 0 |1 0 |3 erd |4 0 |6 622_200000000000000_HUS_2001 |7 0 |8 A |9 455056 |a BIBING |b BIBING |i 5089719 |o 622.2 HUS 2001 |p 5089719 |r 2025-01-20 |w 2019-11-22 |y BK |z Catalogado en:20140710 |k EIQ | ||
| 952 | |0 0 |1 0 |3 erd |4 0 |6 622_200000000000000_HUS_2001 |7 0 |8 A |9 455057 |a BIBING |b BIBING |i 5138515 |o 622.2 HUS 2001 |p 5138515 |r 2025-01-20 |w 2019-11-22 |y BK |z Catalogado en:20150305 |k EIQ | ||
| 952 | |0 0 |1 0 |3 erd |4 0 |6 622_200000000000000_HUS_2001 |7 0 |8 A |9 455058 |a BIBING |b BIBING |i 5138507 |o 622.2 HUS 2001 |p 5138507 |r 2025-01-20 |w 2019-11-22 |y BK |z Catalogado en:20150305 |k EIQ | ||
| 952 | |0 0 |1 0 |3 erd |4 0 |6 622_200000000000000_HUS_2001 |7 0 |8 A |9 455059 |a BIBING |b BIBING |i 5138493 |o 622.2 HUS 2001 |p 5138493 |r 2025-01-20 |w 2019-11-22 |y BK |z Catalogado en:20150305 |k EIQ | ||
| 952 | |0 0 |1 0 |3 erd |4 0 |6 622_200000000000000_HUS_2001 |7 0 |8 A |9 455060 |a BIBING |b BIBING |i 5161061 |o 622.2 HUS 2001 |p 5161061 |r 2025-01-20 |w 2019-11-22 |y BK |z Catalogado en:20150529 |k EIQ | ||
| 952 | |0 0 |1 0 |3 erd |4 0 |6 622_200000000000000_HUS_2001 |7 0 |8 A |9 455061 |a BIBING |b BIBING |i 516107K |o 622.2 HUS 2001 |p 516107K |r 2025-01-20 |w 2019-11-22 |y BK |z Catalogado en:20150529 |k EIQ | ||
| 952 | |0 0 |1 0 |3 erd |4 0 |6 622_200000000000000_HUS_2001 |7 0 |8 A |9 455062 |a BIBING |b BIBING |i 5161088 |o 622.2 HUS 2001 |p 5161088 |r 2025-01-20 |w 2019-11-22 |y BK |z Catalogado en:20150529 |k EIQ | ||